000 00583nam a22001575i 4500
001 52963
003 ES-MaACL
007 t|
008 950906s1888 sp ||||1| spa d
040 _aCAM
_bspa
_cCAM
100 1 _aDomínguez, Lorenzo.
_945168
245 1 0 _aDiscurso pronunciado en el Congreso por Lorenzo Dominguez...
_b: y colección de articulos por él mismo publicados en "El Universal" acerca de la crisis olivarera.
260 _aSevilla :
_b[s.n.],
_c1888 (
_fEstablecimiento tipográfico de "El Universal")
300 _a107 p. ;
_c21 cm.
852 _aES-MaACL
_jT-562-F-3
999 _c52963
_d52963